[Event "OLNO 2324 SF Berlin II - SK König Tegel"]
[Site "?"]
[Date "2024.04.14"]
[Round "8.5"]
[White "Fruebing, Stefan"]
[Black "Ahlander, Bjorn"]
[Result "0-1"]
[WhiteElo "2341"]
[BlackElo "2371"]
[PlyCount "56"]
[EventDate "2024.??.??"]

1. e4 c5 2. Nf3 e6 3. d4 cxd4 4. Nxd4 Nc6 5. Nc3 Qc7 6. Be2 a6 7. O-O Nf6 8. Be3 Bb4 9. Na4 Be7 10. Nxc6 bxc6 11. Nb6 Rb8 12. Nxc8 Qxc8 13. Bd4 Nxe4 14. Bxg7 Rg8 15. Be5 d6 16. Qd3 f5 17. Bh5+ Kf8 18. Bf4 Kg7 19. Rae1 e5 20. Bc1 Qe6 21. b3 Kh8 22. f4 Bf6 23. Qh3 exf4 24. Bxf4 Rbf8 25. Be2 Bd4+ 26. Be3 Qe5 27. Bd3 Ng5 28. Qg3 f4 0-1

[Event "OLNO 2324 SF Berlin II - SK König Tegel"]
[Site "?"]
[Date "2024.04.14"]
[Round "8.6"]
[White "Thiede, Lars"]
[Black "Sarbok, Torsten"]
[Result "1/2-1/2"]
[WhiteElo "2381"]
[BlackElo "2331"]
[PlyCount "53"]
[EventDate "2024.??.??"]

1. Nf3 d5 2. g3 e6 3. Bg2 c5 4. c4 Nc6 5. O-O d4 6. e3 Nf6 7. exd4 cxd4 8. d3 Bd6 9. b3 O-O 10. Ba3 e5 11. Bxd6 Qxd6 12. a3 a5 13. Nbd2 h6 14. Qc2 Qc5 15. Ne1 Bf5 16. Ne4 Qe7 17. Nxf6+ Qxf6 18. f4 Rae8 19. Rd1 Bg4 20. Rb1 Qd6 21. f5 Qd7 22. Be4 Ne7 23. f6 Nf5 24. Bxf5 Bxf5 25. fxg7 Kxg7 26. Qf2 Bg6 27. Qf6+ 1/2-1/2

[Event "OLNO 2324 SF Berlin II - SK König Tegel"]
[Site "?"]
[Date "2024.04.14"]
[Round "8.7"]
[White "Von Herman, Ulf"]
[Black "Rudolf, Henrik"]
[Result "0-1"]
[WhiteElo "2304"]
[BlackElo "2291"]
[PlyCount "100"]
[EventDate "2024.??.??"]

1. d4 Nf6 2. c4 g6 3. Nc3 Bg7 4. Nf3 O-O 5. Bg5 c5 6. d5 d6 7. e3 a6 8. a4 h6 9. Bh4 Bg4 10. Be2 Qa5 11. Nd2 Bxe2 12. Qxe2 b5 13. cxb5 axb5 14. e4 bxa4 15. Rxa4 Qxa4 16. Nxa4 Rxa4 17. O-O Nbd7 18. f3 Rb8 19. b3 Ra2 20. Qd1 Rb4 21. Nc4 Nb6 22. Qb1 Ra8 23. Be1 Rb5 24. Qc2 Nfd7 25. Bc3 Bxc3 26. Qxc3 Nxc4 27. bxc4 Rb4 28. Ra1 Rxa1+ 29. Qxa1 Ne5 30. f4 Nd3 31. Qf1 Nb2 32. e5 Nxc4 33. e6 Ne3 34. Qd3 Nf5 35. Qa6 Rxf4 36. g3 Re4 37. Qc8+ Kg7 38. exf7 Kxf7 39. Qh8 h5 40. Qh7+ Kf6 41. Kf2 h4 42. Kf3 Re3+ 43. Kf4 g5+ 44. Kg4 Re4+ 45. Kh5 hxg3 46. Qg6+ Ke5 47. Kxg5 Ne3 48. Qg7+ Kxd5 49. Qf7+ Kd4 50. hxg3 c4 0-1

[Event "OLNO 2324 SF Berlin II - SK König Tegel"]
[Site "?"]
[Date "2024.04.14"]
[Round "8.8"]
[White "Nogly, Christoph"]
[Black "Acikel, Mert"]
[Result "1-0"]
[WhiteElo "2224"]
[BlackElo "2244"]
[PlyCount "153"]
[EventDate "2024.??.??"]

1. d4 d5 2. Nf3 Nf6 3. g3 e6 4. Bg2 Be7 5. O-O O-O 6. b3 b6 7. c4 Bb7 8. Nc3 Nbd7 9. Bb2 Rc8 10. Rc1 Re8 11. Ne1 h6 12. Nc2 c6 13. e4 Nxe4 14. Nxe4 dxe4 15. Bxe4 Nf6 16. Bg2 Qd7 17. Qf3 Ba6 18. Rfd1 Red8 19. Ne3 Qe8 20. h4 Qf8 21. Rc2 Bb7 22. Rcd2 Rc7 23. Qe2 Rcd7 24. Kh2 Ba3 25. Ba1 Bb4 26. Rd3 Be7 27. f4 Re8 28. Bf3 Bd8 29. Qg2 Rc7 30. R3d2 Qe7 31. Bc3 Qd7 32. Nc2 Qc8 33. Ne3 Be7 34. Kh1 Rd8 35. Nc2 b5 36. Ba5 bxc4 37. Bxc7 Qxc7 38. bxc4 h5 39. Ne3 g6 40. Kh2 Kg7 41. Rd3 Rc8 42. Rb3 Ba6 43. Qb2 Kh7 44. Kg2 Qa5 45. Rd2 Qc7 46. Qc3 Rd8 47. Nc2 c5 48. Ne3 cxd4 49. Rxd4 Rc8 50. Rd2 Nd7 51. Rb1 Bf6 52. Qa3 Nc5 53. Qb4 Kg7 54. Nc2 e5 55. Ne3 e4 56. Be2 Qc6 57. Kh2 Re8 58. Rd5 Nd3 59. Bxd3 exd3 60. Rxd3 Qe4 61. Qd2 Bc8 62. Rd1 Kh6 63. Nd5 Qe2+ 64. Qxe2 Rxe2+ 65. Kg1 Bd8 66. c5 Ba5 67. Ra3 Be1 68. c6 Bh3 69. c7 Bf2+ 70. Kh2 Bf5 71. Kg2 Bc5+ 72. Kf1 Rh2 73. Rdd3 Rh1+ 74. Ke2 Bg4+ 75. Kd2 Rh2+ 76. Kc1 Bf5 77. Rac3 1-0

[Event "OLNO 2324 TSG Oberschöneweide - SV Empo"]
[Site "?"]
[Date "2024.04.14"]
[Round "8.1"]
[White "Perunovic, Milos"]
[Black "Rosenthal, Dirk"]
[Result "1-0"]
[WhiteElo "2531"]
[BlackElo "2380"]
[PlyCount "97"]
[EventDate "2024.??.??"]

1. e4 e6 2. d4 d5 3. Nc3 Bb4 4. e5 c5 5. a3 Bxc3+ 6. bxc3 Ne7 7. Qg4 Qc7 8. Bd3 cxd4 9. Ne2 dxc3 10. Qxg7 Rg8 11. Qxh7 Qxe5 12. Bf4 Qh8 13. Qxh8 Rxh8 14. Nxc3 Nbc6 15. Nb5 e5 16. Bg5 Kd7 17. f4 a6 18. Nc3 e4 19. Be2 Ke6 20. g4 f6 21. f5+ Ke5 22. Bd2 e3 23. Bxe3 d4 24. Bf2 dxc3 25. O-O-O Rd8 26. Bg3+ Ke4 27. Bd3+ Kf3 28. Rhg1 Rxd3 29. Rxd3+ Kxg4 30. Bd6+ Kxf5 31. Re3 Nd5 32. Re8 b5 33. Rgg8 Ra7 34. Rxc8 Nce7 35. Ra8 Rd7 36. Rgd8 Rb7 37. Bxe7 Nxe7 38. Rxa6 Ke5 39. Rad6 Ng6 40. R6d7 Rb6 41. Rc7 f5 42. Rxc3 f4 43. Re8+ Kf5 44. h3 Kg5 45. Kd2 b4 46. Rb3 Rd6+ 47. Rd3 Rxd3+ 48. Kxd3 bxa3 49. Ke4 1-0

[Event "OLNO 2324 TSG Oberschöneweide - SV Empo"]
[Site "?"]
[Date "2024.04.14"]
[Round "8.2"]
[White "Schoewel, Matthias"]
[Black "Milanovic, Danilo"]
[Result "0-1"]
[WhiteElo "2215"]
[BlackElo "2424"]
[PlyCount "194"]
[EventDate "2024.??.??"]

1. e4 d5 2. exd5 Qxd5 3. Nf3 g6 4. c4 Qd8 5. Nc3 Bg7 6. Be2 Nc6 7. O-O e5 8. d3 Nge7 9. a3 O-O 10. Qc2 Nf5 11. Bg5 f6 12. Be3 Be6 13. Rfe1 Qd7 14. Rad1 Rad8 15. b4 a6 16. Bf1 Rfe8 17. g3 Qf7 18. Bg2 Nxe3 19. fxe3 Ne7 20. Nd2 c6 21. Nce4 h6 22. c5 Nc8 23. Nc4 Bf8 24. Rf1 f5 25. g4 Bxc4 26. dxc4 f4 27. g5 Be7 28. Rxd8 Rxd8 29. Qc3 Qf5 30. gxh6 g5 31. Nf2 Bf6 32. Bh3 Qg6 33. Ng4 Re8 34. Qd2 Rd8 35. Qc3 Bh8 36. Nxe5 Qxh6 37. exf4 gxf4 38. Kh1 Ne7 39. Rg1+ Kf8 40. Re1 Qh4 41. Bg2 Rd3 42. Qa1 Rxa3 43. Qc1 Bxe5 44. Rxe5 Qf6 45. Re1 Rc3 46. Qd2 Rxc4 47. Qd8+ Kf7 48. Bh3 f3 49. Bd7 Re4 50. Be8+ Kg7 51. Rg1+ Kh6 52. Qd2+ Qf4 53. Qc3 Re5 54. Qc2 Qe4 55. Qf2 Qf4 56. Qc2 Re6 57. Qb2 Rf6 58. Qf2 Nf5 59. Bd7 Qe3 60. Rf1 Qxf2 61. Rxf2 Ne3 62. Bh3 Kg5 63. Kg1 Kf4 64. Rd2 Nd5 65. Bc8 Ke3 66. Rb2 Rf7 67. Rb3+ Ke2 68. Rb2+ Kd3 69. h4 Kc3 70. Rh2 Kxb4 71. h5 Kxc5 72. h6 Nf6 73. Bf5 b5 74. Kf2 a5 75. Kxf3 a4 76. Kf4 Nh7 77. Rc2+ Kb6 78. Ke5 b4 79. Rg2 a3 80. Bb1 Nf8 81. Ba2 Rf3 82. Rg8 Kb5 83. Kd4 c5+ 84. Kd5 Rf5+ 85. Kd6 Rf6+ 86. Ke7 Nh7 87. Rb8+ Kc6 88. Rc8+ Kb6 89. Rb8+ Kc7 90. Rb5 Kc6 91. Ra5 Kb6 92. Ra8 Rxh6 93. Bc4 Rh4 94. Bd3 c4 95. Rb8+ Kc5 96. Rc8+ Kd5 97. Rd8+ Ke5 0-1

[Event "OLNO 2324 TSG Oberschöneweide - SV Empo"]
[Site "?"]
[Date "2024.04.14"]
[Round "8.3"]
[White "Volke, Karsten"]
[Black "Horn, Sven"]
[Result "1/2-1/2"]
[WhiteElo "2429"]
[BlackElo "2105"]
[PlyCount "40"]
[EventDate "2024.??.??"]

1. Nf3 d5 2. c4 e6 3. b3 d4 4. e3 c5 5. exd4 cxd4 6. d3 Nc6 7. g3 Nf6 8. Bg2 Bd6 9. O-O O-O 10. Re1 Re8 11. Ba3 Bxa3 12. Nxa3 e5 13. Nc2 a5 14. a3 Bf5 15. Nh4 Bg4 16. Qd2 h6 17. h3 Bc8 18. b4 axb4 19. Nxb4 Qd6 20. g4 Ne7 1/2-1/2

[Event "OLNO 2324 TSG Oberschöneweide - SV Empo"]
[Site "?"]
[Date "2024.04.14"]
[Round "8.4"]
[White "Raitza, Olaf"]
[Black "Thinius, Marco"]
[Result "1/2-1/2"]
[WhiteElo "2042"]
[BlackElo "2361"]
[PlyCount "55"]
[EventDate "2024.??.??"]

1. e4 c6 2. d4 d5 3. exd5 cxd5 4. Bd3 Nc6 5. c3 Qc7 6. h3 Nf6 7. Nf3 g6 8. Nbd2 Bf5 9. Nb3 Bxd3 10. Qxd3 e6 11. O-O h6 12. Re1 O-O-O 13. Ne5 Nxe5 14. dxe5 Nd7 15. Be3 Nxe5 16. Qd4 Bd6 17. Qxa7 Nc4 18. a4 e5 19. a5 Qb8 20. Qxb8+ Bxb8 21. a6 bxa6 22. Rxa6 Rd6 23. Ra8 Nxe3 24. fxe3 Rb6 25. Nc5 Rxb2 26. Rf1 Rb5 27. Na6 Kb7 28. Rxb8+ 1/2-1/2

[Event "OLNO 2324 TSG Oberschöneweide - SV Empo"]
[Site "?"]
[Date "2024.04.14"]
[Round "8.5"]
[White "Foerster, Jonas"]
[Black "Hommel, Niclas"]
[Result "1/2-1/2"]
[WhiteElo "2252"]
[BlackElo "2091"]
[PlyCount "99"]
[EventDate "2024.??.??"]

1. d4 Nf6 2. c4 g6 3. Nf3 Bg7 4. Nc3 d5 5. cxd5 Nxd5 6. e3 O-O 7. Qb3 Nxc3 8. bxc3 c5 9. Be2 Nc6 10. O-O b6 11. Rd1 Na5 12. Qa3 cxd4 13. cxd4 Be6 14. e4 Bc4 15. Bxc4 Nxc4 16. Qb4 Rc8 17. Bg5 a5 18. Qb3 h6 19. Be3 a4 20. Qb4 Qd7 21. Rac1 Qe6 22. d5 Qxe4 23. Bxb6 Nd6 24. Bc5 Qxb4 25. Bxb4 Bb2 26. Rc6 Rxc6 27. dxc6 Rc8 28. Bxd6 exd6 29. Rxd6 Ba3 30. Rd4 Rxc6 31. Kf1 Ra6 32. Nd2 Be7 33. Ke2 a3 34. Nc4 Kg7 35. f3 h5 36. Kd3 Bc5 37. Rd5 Bf8 38. g3 Kf6 39. h3 Ra7 40. Rd4 Rb7 41. Rd8 Bc5 42. Rd5 Rc7 43. g4 hxg4 44. hxg4 Ke6 45. Rd8 f6 46. f4 Bb4 47. Re8+ Kf7 48. Rd8 Ke6 49. Re8+ Kf7 50. Rd8 1/2-1/2

[Event "OLNO 2324 TSG Oberschöneweide - SV Empo"]
[Site "?"]
[Date "2024.04.14"]
[Round "8.6"]
[White "Boewer, Roland"]
[Black "Atkinson, Paul"]
[Result "0-1"]
[WhiteElo "2184"]
[BlackElo "2043"]
[PlyCount "114"]
[EventDate "2024.??.??"]

1. Nf3 Nf6 2. g3 b5 3. Bg2 Bb7 4. d3 e6 5. O-O Be7 6. e4 d6 7. c3 Nbd7 8. Qe2 O-O 9. Nbd2 a5 10. Nd4 c6 11. f4 Qb6 12. Kh1 c5 13. Nc2 Rac8 14. a4 b4 15. c4 Ne8 16. b3 Bf6 17. Ra2 Nc7 18. Ne3 Rce8 19. Bb2 Bxb2 20. Rxb2 Bc6 21. Qh5 g6 22. Qh6 f5 23. Nf3 Rf7 24. Ng5 Rg7 25. Re2 Nf6 26. Rfe1 Qb7 27. Kg1 Qa8 28. h3 fxe4 29. dxe4 Nh5 30. Kh2 Rd8 31. f5 e5 32. Rf2 Rf8 33. Ref1 Nf6 34. Qh4 Qe8 35. Nd5 Bxd5 36. exd5 Qe7 37. Ne4 Nxe4 38. Qxe4 Rgf7 39. Qe3 Rxf5 40. Be4 Rxf2+ 41. Rxf2 Rxf2+ 42. Qxf2 Kg7 43. h4 Ne8 44. Qf3 Nf6 45. Kg2 Qd7 46. Bc2 Qg4 47. Qxg4 Nxg4 48. Kf3 h5 49. Be4 Kf6 50. Bc2 Nh6 51. Bd1 Nf5 52. Kf2 Nd4 53. Ke3 Kf5 54. Kf2 Ke4 55. Kg2 Ke3 56. g4 hxg4 57. Bxg4 Nxb3 0-1

[Event "OLNO 2324 TSG Oberschöneweide - SV Empo"]
[Site "?"]
[Date "2024.04.14"]
[Round "8.7"]
[White "Jahn, Thomas"]
[Black "Hoeckendorf, Hartmut"]
[Result "1/2-1/2"]
[WhiteElo "2176"]
[BlackElo "2111"]
[PlyCount "49"]
[EventDate "2024.??.??"]

1. e4 c5 2. Nf3 d6 3. d4 cxd4 4. Nxd4 Nf6 5. Nc3 g6 6. Be3 Bg7 7. Be2 O-O 8. O-O Nc6 9. Nb3 a6 10. f4 b5 11. Bf3 Bb7 12. Nd5 Nxd5 13. exd5 Na5 14. Nxa5 Qxa5 15. c3 Rac8 16. Bd4 Bxd4+ 17. Qxd4 Rc4 18. Qe3 Qc7 19. Rfe1 Re8 20. f5 Qc5 21. Qxc5 Rxc5 22. fxg6 hxg6 23. a4 Kf8 24. axb5 Rxb5 25. b4 1/2-1/2

[Event "OLNO 2324 TSG Oberschöneweide - SV Empo"]
[Site "?"]
[Date "2024.04.14"]
[Round "8.8"]
[White "Bongardt, Livius"]
[Black "Schabe, Felix"]
[Result "0-1"]
[WhiteElo "1897"]
[BlackElo "2067"]
[PlyCount "42"]
[EventDate "2024.??.??"]

1. e4 d6 2. d4 Nf6 3. Nc3 g6 4. f4 Bg7 5. Nf3 Bg4 6. e5 dxe5 7. dxe5 Qxd1+ 8. Nxd1 Nd5 9. Be2 Nc6 10. c4 Ndb4 11. Ne3 Bxf3 12. Bxf3 Nd3+ 13. Kf1 Nxf4 14. g3 Nd3 15. Kg2 Ndxe5 16. Be4 e6 17. Bd2 f5 18. Bc2 O-O-O 19. Bc3 Ng4 20. Nxg4 Bxc3 21. bxc3 Rd2+ 0-1

[Event "OLNO 2324 SV Empor Berlin - SC Kreuzberg"]
[Site "?"]
[Date "2024.04.28"]
[Round "9.1"]
[White "Glantz, Robert"]
[Black "Ivanisevic, Ivan"]
[Result "0-1"]
[WhiteElo "2385"]
[BlackElo "2518"]
[PlyCount "102"]
[EventDate "2024.??.??"]

1. d4 d5 2. Bf4 c5 3. e3 cxd4 4. exd4 Nc6 5. c3 Bf5 6. Nd2 e6 7. Ngf3 f6 8. h3 g5 9. Bh2 h5 10. Nb3 Qd7 11. Be2 Qh7 12. Nc5 e5 13. Qa4 Bxc5 14. dxc5 Bc2 15. b3 Bd3 16. Nd2 Nge7 17. b4 O-O 18. Bxd3 Qxd3 19. Rc1 a5 20. b5 Nd8 21. c4 d4 22. c6 bxc6 23. b6 Nb7 24. c5 Rad8 25. Qc4+ Qxc4 26. Rxc4 Nd5 27. Nb3 a4 28. Nc1 Ra8 29. Kd2 Ra5 30. Nd3 Rfa8 31. Rhc1 Rb5 32. Bxe5 fxe5 33. Nxe5 Ne7 34. Rxd4 Nxc5 35. Nd7 Nxd7 36. Rxd7 Kf8 37. Re1 Rd5+ 38. Rxd5 Nxd5 39. Re5 Rb8 40. Rxg5 Rxb6 41. Kc1 a3 42. Rxh5 Rb2 43. Rf5+ Ke7 44. Rf3 Rxa2 45. Kb1 Rd2 46. Rxa3 Rxf2 47. g3 Kd6 48. h4 Rh2 49. Rb3 Kc5 50. Rb8 Nc3+ 51. Kc1 Ne2+ 0-1

[Event "OLNO 2324 SV Empor Berlin - SC Kreuzberg"]
[Site "?"]
[Date "2024.04.28"]
[Round "9.2"]
[White "Milanovic, Danilo"]
[Black "Maetzkow, Maximilian Paul"]
[Result "1-0"]
[WhiteElo "2424"]
[BlackElo "2240"]
[PlyCount "183"]
[EventDate "2024.??.??"]

1. d4 Nf6 2. c4 e6 3. Nc3 Bb4 4. e3 O-O 5. Bd3 d5 6. cxd5 exd5 7. Nge2 c5 8. a3 cxd4 9. exd4 Bd6 10. Bg5 Be6 11. Qc2 h6 12. Bh4 Nc6 13. f3 Rc8 14. O-O Re8 15. Kh1 g5 16. Bf2 Nh5 17. Bf5 Qf6 18. Bg4 Nf4 19. Nxf4 Bxf4 20. Qb3 h5 21. Bxe6 fxe6 22. Qxb7 Nxd4 23. Qxa7 Nf5 24. Qa6 Be5 25. Qe2 Bxc3 26. bxc3 Rxc3 27. a4 Rec8 28. Ra2 d4 29. Qd1 d3 30. Rd2 Qd8 31. a5 Qxa5 32. Rxd3 Rxd3 33. Qxd3 Rd8 34. Qe2 Qd5 35. Kg1 Kf7 36. Re1 Rd6 37. h3 Nd4 38. Qd3 Nf5 39. Qc3 Rd8 40. Bb6 Qd2 41. Qe5 Rd6 42. Bf2 Qd5 43. Qh8 Ng7 44. Bg3 Rd8 45. Qh6 Qd4+ 46. Kh2 Qf6 47. Qxf6+ Kxf6 48. Be5+ Kf7 49. Bxg7 Kxg7 50. h4 Kf6 51. hxg5+ Kf5 52. Kh3 e5 53. Re4 Rd4 54. g6 Kxg6 55. Rxe5 Ra4 56. Re4 Ra2 57. Rb4 Ra1 58. Rb6+ Kg5 59. Rb5+ Kg6 60. Kg3 Ra3 61. Re5 Ra1 62. Rd5 Rb1 63. Rd6+ Kf5 64. Rd5+ Kg6 65. f4 Rf1 66. Rd6+ Kg7 67. Ra6 Kh7 68. Ra3 Kg6 69. Rf3 Ra1 70. Kh4 Rh1+ 71. Rh3 Rf1 72. g3 Rf3 73. Rh1 Rf2 74. Kh3 Rb2 75. Ra1 Rc2 76. Ra6+ Kg7 77. Kh4 Rh2+ 78. Kg5 h4 79. Ra7+ Kf8 80. Kf6 Kg8 81. Kg6 Kf8 82. Ra8+ Ke7 83. g4 Rf2 84. f5 h3 85. Rh8 h2 86. g5 Rg2 87. Rh7+ Ke8 88. Kf6 Ra2 89. Rh5 Kd7 90. g6 Rf2 91. g7 Rg2 92. Kf7 1-0

[Event "OLNO 2324 SV Empor Berlin - SC Kreuzberg"]
[Site "?"]
[Date "2024.04.28"]
[Round "9.3"]
[White "Matthes, Aaron"]
[Black "Volke, Karsten"]
[Result "1-0"]
[WhiteElo "2203"]
[BlackElo "2429"]
[PlyCount "77"]
[EventDate "2024.??.??"]

1. d4 Nf6 2. c4 g6 3. Nc3 Bg7 4. g3 O-O 5. Bg2 d6 6. h3 e5 7. Nf3 Nc6 8. Be3 exd4 9. Nxd4 Nxd4 10. Bxd4 c5 11. Be3 Be6 12. Qd3 Nd7 13. b3 Ne5 14. Qd2 Qd7 15. Rd1 Rad8 16. Bh6 f5 17. Bg5 Rde8 18. Bf4 a6 19. O-O Nf7 20. Na4 Rd8 21. Nb6 Qc7 22. Nd5 Qd7 23. h4 b5 24. Qa5 bxc4 25. bxc4 Ne5 26. Bg5 Rde8 27. Qxa6 Kh8 28. Ne3 Qf7 29. Rxd6 Bxc4 30. Nxc4 Qxc4 31. Rc1 Qg4 32. Bf4 Nf7 33. Bf3 Qh3 34. Re6 Ne5 35. Bg2 Qg4 36. Rxc5 Nf7 37. Rxe8 Rxe8 38. Bf3 Qh3 39. Rc8 1-0

[Event "OLNO 2324 SV Empor Berlin - SC Kreuzberg"]
[Site "?"]
[Date "2024.04.28"]
[Round "9.4"]
[White "Thinius, Marco"]
[Black "Groetzbach, Julian"]
[Result "1-0"]
[WhiteElo "2361"]
[BlackElo "2268"]
[PlyCount "119"]
[EventDate "2024.??.??"]

1. c4 e6 2. Nf3 d5 3. g3 Nf6 4. Bg2 d4 5. O-O c5 6. e3 Nc6 7. exd4 cxd4 8. d3 Bd6 9. a3 a5 10. Bg5 h6 11. Bxf6 Qxf6 12. Nbd2 Qd8 13. Re1 O-O 14. Rc1 Re8 15. c5 Be7 16. Ne5 Bd7 17. Ndc4 Rb8 18. Nxd7 Qxd7 19. Qa4 Ne5 20. c6 Nxc6 21. Nxa5 Ra8 22. Bxc6 bxc6 23. Qxc6 Qa7 24. b4 Reb8 25. Rc4 Rf8 26. Re5 Bd8 27. Rb5 Qa6 28. Qxa6 Rxa6 29. Rc6 Ra8 30. Nc4 Bg5 31. f4 Bf6 32. Ra5 Rab8 33. b5 g5 34. f5 Bd8 35. b6 exf5 36. Rxf5 Re8 37. Re5 Rxe5 38. Nxe5 Rxb6 39. Rc8 Rd6 40. Nc6 Kg7 41. Nxd8 Ra6 42. Rc4 Rxa3 43. Rxd4 Ra1+ 44. Kg2 Ra2+ 45. Kf3 Rxh2 46. Rd7 Kg6 47. Nxf7 Kf5 48. g4+ Ke6 49. Ra7 Kd5 50. Ra5+ Kd4 51. Ne5 Rh1 52. Kg2 Rb1 53. Nf3+ Kxd3 54. Ra3+ Ke2 55. Ra6 Ke3 56. Kg3 Rh1 57. Re6+ Kd3 58. Kg2 Ra1 59. Rxh6 Ke4 60. Kg3 1-0

[Event "OLNO 2324 SV Empor Berlin - SC Kreuzberg"]
[Site "?"]
[Date "2024.04.28"]
[Round "9.5"]
[White "Moritz, Aron"]
[Black "Foerster, Jonas"]
[Result "1-0"]
[WhiteElo "2262"]
[BlackElo "2252"]
[PlyCount "83"]
[EventDate "2024.??.??"]

1. e4 c6 2. d4 d5 3. exd5 cxd5 4. Bd3 Nc6 5. c3 Nf6 6. h3 e5 7. dxe5 Nxe5 8. Nf3 Nxd3+ 9. Qxd3 Bd6 10. O-O O-O 11. Be3 b6 12. Nbd2 Bb7 13. a4 Ne4 14. Rfd1 Nc5 15. Qf5 g6 16. Qc2 Rc8 17. Nb3 Ne6 18. a5 Bc5 19. Qd2 Re8 20. Nfd4 Qf6 21. axb6 Bxb6 22. Nxe6 fxe6 23. Bxb6 axb6 24. f4 Rf8 25. Rf1 Ra8 26. Rxa8 Rxa8 27. Nd4 Ra2 28. Rf2 Ra1+ 29. Kh2 Bc8 30. Qe3 Bd7 31. Nf3 b5 32. Ne5 Bc8 33. Ng4 Qe7 34. Qe5 h5 35. Nf6+ Kf7 36. Nh7 Ra6 37. Qh8 Qc5 38. Re2 Bd7 39. Qf6+ Ke8 40. Qh8+ Kf7 41. b4 Qd6 42. Ng5+ 1-0

[Event "OLNO 2324 SV Empor Berlin - SC Kreuzberg"]
[Site "?"]
[Date "2024.04.28"]
[Round "9.6"]
[White "Atkinson, Paul"]
[Black "Strache, Michael"]
[Result "0-1"]
[WhiteElo "2043"]
[BlackElo "2221"]
[PlyCount "154"]
[EventDate "2024.??.??"]

1. e4 c6 2. Nf3 d6 3. h3 Nf6 4. Nc3 e5 5. d4 Nbd7 6. Be2 Be7 7. O-O O-O 8. Bg5 Qc7 9. a4 a5 10. Qd2 Re8 11. Rfe1 h6 12. Bh4 Nf8 13. Bg3 Ng6 14. Bf1 Nd7 15. dxe5 dxe5 16. Bc4 Bc5 17. Ne2 Nb6 18. Bb3 Qd7 19. Nc1 Qxd2 20. Nxd2 Be6 21. Nd3 Bf8 22. Bxe6 Rxe6 23. f3 Nd7 24. Bf2 Nf4 25. Nxf4 exf4 26. Nc4 Ne5 27. Nxe5 Rxe5 28. Red1 Bc5 29. Rd7 Bxf2+ 30. Kxf2 Rc5 31. c3 b5 32. Ke2 bxa4 33. Rxa4 Rb8 34. Rd2 Rcb5 35. Ra2 Kf8 36. Kd1 Ke7 37. Kc1 Rd8 38. Re2 Kd6 39. c4 Rb4 40. Rxa5 Rxc4+ 41. Kb1 Ke6 42. b3 Rc3 43. Kb2 Rdd3 44. Ra3 g5 45. Ka2 h5 46. Rb2 g4 47. hxg4 hxg4 48. fxg4 Rg3 49. Ra8 Rxg4 50. Rd2 Rgg3 51. Rf2 Rxb3 52. Rxf4 Rb5 53. Rf2 Rbg5 54. Ra6 Rxg2 55. Rxc6+ Ke5 56. Rcf6 Rxf2+ 57. Rxf2 Rg7 58. Kb2 Kxe4 59. Kc2 f5 60. Kd1 Rg1+ 61. Kd2 Ra1 62. Re2+ Kf3 63. Re3+ Kf2 64. Re2+ Kf1 65. Re8 f4 66. Rf8 Ra4 67. Rf7 Kf2 68. Kd3 f3 69. Kd2 Rd4+ 70. Kc3 Rd8 71. Ra7 Kg1 72. Rg7+ Kf1 73. Rf7 f2 74. Rf6 Rd5 75. Kc4 Rd1 76. Kc3 Kg2 77. Rg6+ Kh3 0-1

[Event "OLNO 2324 SV Empor Berlin - SC Kreuzberg"]
[Site "?"]
[Date "2024.04.28"]
[Round "9.7"]
[White "Dathe, Frederick"]
[Black "Jahn, Thomas"]
[Result "1-0"]
[WhiteElo "2206"]
[BlackElo "2176"]
[PlyCount "63"]
[EventDate "2024.??.??"]

1. c4 e5 2. g3 Nf6 3. Bg2 c6 4. Nf3 e4 5. Nd4 d5 6. cxd5 Qxd5 7. e3 Qe5 8. f4 exf3 9. Nxf3 Qh5 10. O-O Be7 11. Nc3 O-O 12. d4 Na6 13. e4 Be6 14. Qe2 Rfe8 15. Be3 Bd8 16. Rad1 h6 17. Qc2 Ng4 18. Bf4 g5 19. Bc1 Nb4 20. Qb1 Bc7 21. e5 f6 22. h3 Nxe5 23. dxe5 Bb6+ 24. Kh2 f5 25. Nd4 f4 26. Nxe6 fxg3+ 27. Kxg3 Rxe6 28. Rd7 Rg6 29. Qf5 Rg7 30. Rxg7+ Kxg7 31. Qd7+ Kg8 32. Be4 1-0

[Event "OLNO 2324 SV Empor Berlin - SC Kreuzberg"]
[Site "?"]
[Date "2024.04.28"]
[Round "9.8"]
[White "Schabe, Felix"]
[Black "Vogel, Constantin"]
[Result "0-1"]
[WhiteElo "2067"]
[BlackElo "2171"]
[PlyCount "54"]
[EventDate "2024.??.??"]

1. Nf3 Nf6 2. d4 e6 3. g3 c5 4. Bg2 Nc6 5. O-O d5 6. e3 cxd4 7. exd4 Be7 8. Ne5 O-O 9. c4 dxc4 10. Nxc6 bxc6 11. Bxc6 Rb8 12. Nc3 Bb7 13. Bxb7 Rxb7 14. Qf3 Rd7 15. Be3 Nd5 16. Bd2 Nb4 17. Ne2 Nc2 18. Rac1 Nxd4 19. Nxd4 Rxd4 20. Bc3 Qd5 21. Qe3 Rd3 22. Qxa7 Bc5 23. Qc7 Bd6 24. Qd7 h5 25. Be1 h4 26. Qa4 h3 27. f3 Bc5+ 0-1

[Event "OLNO 2324 SK König Tegel - TSG OberschÃ"]
[Site "?"]
[Date "2024.04.28"]
[Round "9.1"]
[White "Schoewel, Matthias"]
[Black "Bruedigam, Martin"]
[Result "0-1"]
[WhiteElo "2215"]
[BlackElo "2372"]
[PlyCount "96"]
[EventDate "2024.??.??"]

1. e4 c6 2. d4 d5 3. Nc3 dxe4 4. Nxe4 Bf5 5. Ng3 Bg6 6. Nf3 Nd7 7. Bd3 Ngf6 8. O-O e6 9. Re1 Be7 10. a3 O-O 11. Bxg6 hxg6 12. c4 Re8 13. Bg5 Qc7 14. Rc1 Rad8 15. b4 Bd6 16. Qb3 Bf4 17. Rcd1 Bxg5 18. Nxg5 Nb6 19. N3e4 Qf4 20. Nxf6+ gxf6 21. Ne4 Kg7 22. c5 Nc8 23. g3 Qc7 24. f4 Rd7 25. Qc3 Rd5 26. Qe3 Rh8 27. Rd2 Qd8 28. Nc3 Rd7 29. b5 Ne7 30. bxc6 bxc6 31. Red1 Nd5 32. Qf3 Nxc3 33. Qxc3 Rh5 34. Kf1 Rhd5 35. Ke1 Kg8 36. Qb2 Kh7 37. Ke2 Qe7 38. Kf3 Kg7 39. Qc3 Qd8 40. Ke2 Qh8 41. Ke1 Qh5 42. Qe3 Qf5 43. Ke2 Rb7 44. Rd3 Qh5+ 45. Qf3 Qxh2+ 46. Ke3 Rb2 47. R1d2 Qg1+ 48. Ke2 Rh5 0-1

[Event "OLNO 2324 SK König Tegel - TSG OberschÃ"]
[Site "?"]
[Date "2024.04.28"]
[Round "9.2"]
[White "Rietze, Clemens"]
[Black "Horn, Sven"]
[Result "1-0"]
[WhiteElo "2367"]
[BlackElo "2105"]
[PlyCount "157"]
[EventDate "2024.??.??"]

1. d4 Nf6 2. c4 c5 3. d5 b5 4. cxb5 a6 5. bxa6 g6 6. Nc3 Bxa6 7. e4 Bxf1 8. Kxf1 Bg7 9. Nge2 d6 10. h3 O-O 11. Kg1 Nbd7 12. Kh2 Qb6 13. Qc2 Rfb8 14. Rb1 Ne5 15. b3 c4 16. Be3 Nfg4+ 17. hxg4 Nxg4+ 18. Kg1 Nxe3 19. fxe3 Qxe3+ 20. Kf1 Qd3 21. Qd1 Qxd1+ 22. Rxd1 cxb3 23. axb3 Rxb3 24. Rh3 Raa3 25. Rb1 Rxb1+ 26. Nxb1 Rxh3 27. gxh3 Be5 28. Nd2 Kg7 29. Nf3 Bb2 30. Kf2 Kf6 31. Kg3 h5 32. h4 e5 33. Nd2 Ba3 34. Nc4 Bb4 35. Nc1 Be1+ 36. Kh3 Ke7 37. Nd3 Bc3 38. Kg3 f6 39. Na3 Ba5 40. Kf3 Kd7 41. Nb5 Ke7 42. Nb2 Bb4 43. Nc4 Bc5 44. Nc7 Bb4 45. Kf2 Kd7 46. Ne6 Ke7 47. Nb6 Ba5 48. Nc4 Bb4 49. Ke2 Bc3 50. Nb6 Ba5 51. Nc8+ Kd7 52. Na7 Bb6 53. Nf8+ Ke8 54. Nc8 Bd8 55. Ne6 Ba5 56. Nxd6+ Ke7 57. Nc4 Bb4 58. Nc7 Bc5 59. Nb5 Bb4 60. Na7 Bc5 61. Nc6+ Kf7 62. Nd2 Bb6 63. Nf3 Bc5 64. Kd3 Bf2 65. Kc4 Be3 66. Nb4 g5 67. hxg5 fxg5 68. Nxe5+ Kf6 69. Kd3 Bf4 70. Nec6 g4 71. Ke2 h4 72. Nd3 Bc7 73. e5+ Kf5 74. Nd4+ Kg6 75. d6 Bb6 76. Nf4+ Kf7 77. e6+ Ke8 78. d7+ Ke7 79. Nd5+ 1-0

[Event "OLNO 2324 SK König Tegel - TSG OberschÃ"]
[Site "?"]
[Date "2024.04.28"]
[Round "9.3"]
[White "Raitza, Olaf"]
[Black "Rabiega, Robert"]
[Result "0-1"]
[WhiteElo "2042"]
[BlackElo "2466"]
[PlyCount "112"]
[EventDate "2024.??.??"]

1. e4 e5 2. Nf3 Nc6 3. Bb5 a6 4. Bxc6 dxc6 5. O-O Qf6 6. d4 exd4 7. Qxd4 Qxd4 8. Nxd4 Bd7 9. Nc3 O-O-O 10. Be3 Bb4 11. Nde2 Ne7 12. a3 Bxc3 13. Nxc3 f5 14. Rfe1 Rde8 15. f3 Rhf8 16. Bc5 f4 17. Rad1 b6 18. Bxe7 Rxe7 19. b4 g5 20. h3 Re5 21. Kf2 h5 22. Rh1 Be6 23. Rd2 a5 24. Nd1 axb4 25. axb4 Rb5 26. c3 c5 27. bxc5 Rxc5 28. Rd3 Kb7 29. Nb2 Ra8 30. Rhd1 g4 31. hxg4 hxg4 32. fxg4 Bxg4 33. R1d2 Re8 34. Rd4 Rxc3 35. e5 Rxe5 36. Rxf4 Rf5 37. Rxf5 Bxf5 38. Nd1 Rc2 39. Rxc2 Bxc2 40. Nc3 c5 41. g4 Kc6 42. Ke3 b5 43. g5 b4 44. Kd2 Bf5 45. Ne2 Kd6 46. Kc1 Ke5 47. Kb2 c4 48. Nc1 Kd4 49. Ne2+ Kd3 50. Nc1+ Kd2 51. Nb3+ Kd1 52. Nd4 Be4 53. Nb5 Kd2 54. Nd4 Bd5 55. g6 c3+ 56. Kb1 b3 0-1